00417nam a22001457a 450000500170000000800410001702000150005804100120007308200130008510000120009824500520011026000500016230000340021265000250024620240816071526.0240816b |||||||| |||| 00| 0 eng d a0406879621 aEnglish a349 ENG  lEnglish aThe All England Law Reports: Annual Review 1985 aLondon: bButterworth and Company Ltd, c1985 bxxxviii, 323 pages; c25 cm.  aLegal practice bLaw